| 000 | 00356nam a22001337a 4500 | ||
|---|---|---|---|
| 008 | 230620b xxu||||| |||| 00| 0 eng d | ||
| 082 |
_a320.9 _bCRO |
||
| 100 | _cRichard Crook, James Manor | ||
| 245 | _aThe Journal of Commonwealth & Comparative Politics | ||
| 260 |
_bFrank Cass & Co Ltd _c1986 |
||
| 300 | _a167p | ||
| 440 | _vVolume 24 | ||
| 942 |
_2ddc _cBK |
||
| 999 |
_c1553 _d1553 |
||